Dantes Pietas in der Wertwelt der Commedia. (Record no. 6697)
[ view plain ]
| 000 -LEADER | |
|---|---|
| fixed length control field | 00609cam a22002051 4500 |
| 001 - CONTROL NUMBER | |
| control field | af 49000689 |
| 003 - CONTROL NUMBER IDENTIFIER | |
| control field | DLC |
| 005 - DATE AND TIME OF LATEST TRANSACTION | |
| control field | 20260227110916.0 |
| 008 - FIXED-LENGTH DATA ELEMENTS--GENERAL INFORMATION | |
| fixed length control field | 800128s1943 gw 000 0 ger c |
| 010 ## - LIBRARY OF CONGRESS CONTROL NUMBER | |
| LC control number | af 49000689 |
| 035 ## - SYSTEM CONTROL NUMBER | |
| System control number | (OCoLC)5919796 |
| 040 ## - CATALOGING SOURCE | |
| Original cataloging agency | Yale Univ. Library |
| Transcribing agency | NcU |
| Modifying agency | DLC |
| 050 00 - LIBRARY OF CONGRESS CALL NUMBER | |
| Classification number | PQ4416 |
| Item number | .G6 |
| 100 1# - MAIN ENTRY--PERSONAL NAME | |
| Personal name | Glässer, Edgar. |
| 245 10 - TITLE STATEMENT | |
| Title | Dantes Pietas in der Wertwelt der Commedia. |
| 260 ## - PUBLICATION, DISTRIBUTION, ETC. | |
| Place of publication, distribution, etc. | Halle (Saale) |
| Name of publisher, distributor, etc. | M. Niemeyer, |
| Date of publication, distribution, etc. | 1943. |
| 300 ## - PHYSICAL DESCRIPTION | |
| Extent | 70 p. |
| Other physical details | front. |
| Dimensions | 24 cm. |
| 600 00 - SUBJECT ADDED ENTRY--PERSONAL NAME | |
| Personal name | Dante Alighieri, |
| Dates associated with a name | 1265-1321. |
| Title of a work | Divina commedia. |
| 600 00 - SUBJECT ADDED ENTRY--PERSONAL NAME | |
| Personal name | Dante Alighieri, |
| Dates associated with a name | 1265-1321 |
| General subdivision | Religion. |
No items available.